000 00327nam a2200133 i 4500
001 bg
100 1 _aPERDUBIŃSKI, M.
245 1 0 _aSprężarki. Maszynoznawstwo specjalistyczne /
_cM. Perdubiński.
260 _aWarszawa,
_c1977.
040 _cBPK
041 _apol
942 _cKS
008 s pl f |000 0 pol
999 _c5241
_d5241
856 _uhttp://koha.tu.koszalin.pl/cgi-bin/koha/opac-detail.pl?biblionumber=5241
_yKatalog online BPK